Southville International School and Colleges
Your cart is empty.
  • Cart
  • Lists
    Public lists Eva Luna New books Lux_list list_1
    Your lists Log in to create your own lists
  • Log in to your account
  • Your cookies
  • Search history
Southville International School and Colleges
  • Advanced search
  • Recent comments
  • Most popular
  • Libraries

Log in to your account

Log in with GOOGLE


If you do not have an external account, but do have a local account, you can still log in:

  1. Home
  2. MARC view: Principles of macroeconomics /
Normal view MARC view ISBD view

Principles of macroeconomics / (Record no. 48207)

[ view plain ]
MARC details
000 -LEADER
fixed length control field 00635nam a2200205Ia 4500
003 - CONTROL NUMBER IDENTIFIER
control field SISC
005 - DATE AND TIME OF LATEST TRANSACTION
control field 20170119155405.0
008 - FIXED-LENGTH DATA ELEMENTS--GENERAL INFORMATION
fixed length control field 140321s9999 xx 000 0 und d
020 ## - INTERNATIONAL STANDARD BOOK NUMBER
International Standard Book Number 9781111970192
050 ## - LIBRARY OF CONGRESS CALL NUMBER
Classification number HB 172.5
Item number .M443 2013
100 ## - MAIN ENTRY--PERSONAL NAME
Personal name Melvin, Michael.
245 ## - TITLE STATEMENT
Title Principles of macroeconomics /
Statement of responsibility, etc Michael Melvin and William Boyes.
250 ## - EDITION STATEMENT
Edition statement 9th edition.
260 ## - PUBLICATION, DISTRIBUTION, ETC. (IMPRINT)
Place of publication, distribution, etc Ohio :
Name of publisher, distributor, etc South-Western Cengage Learning,
Date of publication, distribution, etc 2013.
300 ## - PHYSICAL DESCRIPTION
Extent 493 pages. :
Other physical details color illustrations ;
Dimensions 26 cm.
500 ## - GENERAL NOTE
General note Includes bibliographical references and index.
650 ## - SUBJECT ADDED ENTRY--TOPICAL TERM
Topical term or geographic name as entry element Macroeconomics.
942 ## - ADDED ENTRY ELEMENTS (KOHA)
Call number prefix Foreign
Koha item type Books
Source of classification or shelving scheme Library of Congress Classification
Holdings
Withdrawn status Lost status Damaged status Home library Current library Shelving location Date acquired Total Checkouts Full call number Barcode Date last seen Price effective from Koha item type
      College Library College Library Reserve Section 03/21/2014   HB 172.5 .M443 2013 C17490 10/30/2014 03/21/2014 Books

Principles of macroeconomics /

APA

Melvin M., . (2013). Principles of macroeconomics. Ohio: South-Western Cengage Learning.

Chicago

Melvin Michael, . 2013. Principles of macroeconomics. Ohio: South-Western Cengage Learning.

Harvard

Melvin M., . (2013). Principles of macroeconomics. Ohio: South-Western Cengage Learning.

MLA

Melvin Michael, . Principles of macroeconomics. Ohio: South-Western Cengage Learning. 2013.

  • Place hold
  • Print
  • Cite
  • Add to your cart (remove)
  • Save record
    BIBTEX Dublin Core MARCXML MARC (non-Unicode/MARC-8) MARC (Unicode/UTF-8) MARC (Unicode/UTF-8, Standard) MODS (XML) RIS
  • More searches
    Search for this title in:
    Other Libraries (WorldCat) Other Databases (Google Scholar) Online Stores (Bookfinder.com) Open Library (openlibrary.org)

Exporting to Dublin Core...

SOUTHVILLE LIBRARY

Southville International School and Colleges Library

1281 Tropical Ave. Cor. Luxembourg St., BF Homes International, Las Pinas City

Tel. No. 8256374 / 252358 Loc. 117/146

Powered by Koha